The English we use for business administration

Saved in:
Bibliographic Details
Other Authors: Μουζακίτης, Γεώργιος Σ. (Editor)
Format: Book
Language:English
Published: Αθήνα : Ελλην, c1995
Series:The english we use series (ESP) ; 5
Subjects:
Tags: Add Tag
No Tags, Be the first to tag this record!

MARC

LEADER 00000cam a2200000 i 4500
001 1/20770
008 961220s1995 eng d
020 |a 960-405-538-0 
035 |l 10067185 
040 |a GR-MY-UA  |b gre  |e aacr 
041 0 |a eng 
082 0 |a 428.202465 
245 1 4 |a The English we use for business administration /  |c general editor George S. Mouzakitis 
246 3 4 |a The english we use for business administration  |b ; key teacher's book 
260 |a Αθήνα :   |b Ελλην,   |c c1995 
300 |a 163 σ. 
490 1 |a The english we use series (ESP)  |v ; 5 
504 |a Περιλαμβάνει βιβλιογραφία 
650 0 0 |a English language  |x Business English. 
700 1 |a Μουζακίτης, Γεώργιος Σ.  |4 edt 
830 0 |a The english we use series (ESP)  |v ; 5 
852 |a INST  |b CHIOS  |e 19961220  |h 428.202465 ENG  |p 005200011449  |q 005200011449  |t BK  |y 0 
852 |a INST  |b CHIOS  |e 20010824  |h 428.202465 ENG  |p 005200021066  |q 005200021066  |t BK  |y 0 
901 |a BIBL2-2001-2 
909 |a Χ  |b 083837 
909 |a Χ  |b 047984 
970 |a ΣΠΕΝΤΖΑ  |b ΕΛΕΝΗ  |z 2001/08/24